LEADER 01233nam a2200277 u 4500 001 000000061703 003 CaOOAMICUS 005 20070226121043.0 008 010912s2000 txuaf u000 u eng u 020 $a1890626228 035 $a10902417 040 $aPUL(R)$bita 245 00$aLeadership for America :$bthe principles of conservatism /$cedited, with and introduction by Edwin J. Feulner, Jr. 260 $aDallas :$bSpence Publishing Company,$c2000. 300 $axxv, 317 p., [18] p. di tav. :$bill. ;$c23 cm 504 $aBibliografia in nota. 650 4$aConservatorismo.$0(OLS)http://pul/subject/23542 651 4$aStati Uniti$xCondizioni sociali.$0(OLS)http://pul/subject/19389 700 1 $aFeulner, Edwin J.,$cJr.$0(OLS)http://pul/name/41881 850 $aPUL 852 $aPUL$W1$xSL Religione 2$y84$mRH D3 16$j80339$nBK-PRI$b $qStampati altre collocazioni$B80339$CPULBib$Z2$F80339 $H $81 941 1 $a10 961 $aINV: 85851 996 $6020$a1890626228$9(OLS)http://pul/number/79960 996 $6245$aLeadership for America :$bthe principles of conservatism$9(OLS)http://pul/title/82377 996 $6260$aDallas :$bSpence Publishing Company$9(OLS)http://pul/publisher/70136 LEADER 01715nam a2200361 a 4500 001 000000168289 003 CaOOAMICUS 005 20180615104309.0 008 180615s2018 it u000 u ita r 020 $a978-88-598-1868-7* 032 $aLibriCat 040 $aPUL$bita 082 04$a343.4507 245 00$aConcorrenza, mercato e diritto dei consumatori /$cdiretto da Giuseppe Cassano, Antonio Catricalà, Renato Clarizia. 260 $aTorino :$bUTET Giuridica,$c©2018. 300 $aXLV, 2672 p. ;$c24 cm. 490 1 $aOmnia. Trattati giuridici 500 $aIn quarta di copertina: È consultabile su lamiabiblioteca.com. 504 $aBibliografia in nota. 650 4$aDiritto commerciale$zItalia.$0(OLS)http://pul/subject/1274 700 1 $aCatricalà, Antonio.$0(OLS)http://pul/name/86527 700 1 $aClarizia, Renato$b1950-$0(OLS)http://pul/name/29220 700 1 $aCassano, Giuseppe.$0(OLS)http://pul/name/35446 830 0$aOmnia. Trattati giuridici.$0(OLS)http://pul/title/175093 850 $aPUL 852 $aPUL$W1$xSL Diritto e Scienze Sociali 3$y79$m343. 4507 CASGI 1$j191814$qDDC 21$B196175$CPULBib$Z2$F196175 $H131020 $81 852 $aPUL$W1$xDP2 Diritto e Scienze Sociali 3$y110$m343. 4507 CASGI 1B$j192785$b2. copia$qDDC 21$B197980$CPULBib$Z2$F197980 $H131385 $81 941 1 $a9 996 $6020$a978-88-598-1868-7*$9(OLS)http://pul/number/164358 996 $6082$a343.4507$9(OLS)http://pul/classification/2718 996 $6245$aConcorrenza, mercato e diritto dei consumatori$9(OLS)http://pul/title/208572 996 $6260$aTorino :$bUTET Giuridica$9(OLS)http://pul/publisher/79191